00820nam a2200205 a 450000100060000000300090000600800410001502000150005604000280007108200160009910000240011524500950013926000280023430000160026249000490027850502150032765000170054265000340055965000210059319076CO-ViMGA141112s2004 ck r 000 u spa d a8427713282 aCO-ViMGAbspacCO-ViMGA04a613.83 B17i1 aBas Peña, Encarna10aPrevención de drogodependencias, en secundaria - integración en las Areas curriculares aMadrid : bNarcea; 2000 a5 volumenes aMateriales 12/16 para educación secundaria aVol. 1 : Sociedad, Drogodependencias y educación Vol. 2 : Area de ciencias de la naturaleza Vol. 3. Area de ciencias sociales, geografia e historia y de ética Area de lengua y literatura Area de matematicas14aDROGADICCION14aDROGAS - CONSUMO - PREVENCION14aDROGODEPENDENCIA